|
|
|
|
| LEADER |
00751cam a2200217 a 4500 |
| 001 |
0000088734 |
| 005 |
20080326090000.0 |
| 040 |
|
|
|a mod
|
| 041 |
|
|
|a eng
|
| 020 |
0 |
0 |
|a 9676119199
|
| 090 |
0 |
0 |
|a 797.21
|b REN
|e 1994
|
| 245 |
0 |
0 |
|a Renang
|c kerjasama Persatuan Renang Amatur; penterjemah oleh Tam Lye Suan
|
| 260 |
0 |
0 |
|a Kuala Lumpur
|b Utusan Publications & Distributors
|c 1994
|
| 300 |
0 |
0 |
|a 51 p.bill. col.
|c 20 cm
|
| 500 |
0 |
0 |
|a Includes index
|
| 650 |
0 |
0 |
|a Swimming (game)
|
| 700 |
1 |
1 |
|a Tam
|h Lye Suan
|
| 710 |
0 |
0 |
|a Persatuan Renang Amatur
|
| 999 |
|
|
|a 0261545
|b PULPAK
|d BOOKS
|e Umum
|f PULPAK
|j AVAILABLE
|q GOOD CONDITION
|
| 999 |
|
|
|a 0261546
|b PULPAK
|d BOOKS
|e Umum
|f PULPAK
|j AVAILABLE
|q GOOD CONDITION
|
| 999 |
|
|
|a 0261547
|b PULPAK
|d BOOKS
|e Umum
|f PULPAK
|j AVAILABLE
|q GOOD CONDITION
|